000 004300000a22001810004500
003 MACL
005 20160130122537.0
008 160130b xxu||||| |||| 00| 0 eng d
040 _aMACL
_cMACL
041 _aEnglish
082 _a080/BJE
100 _aBjergo, Christina
_935859
245 _aThe Tao of Tarot
260 _bIndra Publishing House
_c2010
_aNoida
350 _a150
650 _a080/BJE
_935860
942 _cBK
_2ddc
999 _c45853
_d45853